| 000 | 00860cam a22001814a 4500 | ||
|---|---|---|---|
| 005 | 20250605164402.0 | ||
| 008 | 250528s ||||||||||||||||||||||||d | ||
| 035 | _a24646 | ||
| 040 |
_aGR-AtMCL _bgre _dGR-AtMCL _eAACR2 |
||
| 245 | 1 | _aΟ Νόμος κι ο Ανταγωνισμός θα Εκλογικεύσουν τις Αυξήσεις στα Ισόβια Προγράμματα Υγείας | |
| 260 |
_bMorax Media S.A, _c2020 |
||
| 300 | _a80 | ||
| 520 | _aΑκράια Φαινόμενα Ώρα Μηδέν, Επίταξη της Εταιρικής Κοινωνικής Ευθύνης, IoT - Natural Disasters: Αλλάζει η Διαχείριση Κρίσεων, Τα Data των Φυσικών Καταστροφών. | ||
| 700 | 1 |
_aΜωράκης Φίλιππος _99500 |
|
| 942 | _cCR | ||
| 999 |
_c9513 _d9513 |
||